| 000 | 01001cab a2200265 4500 | ||
|---|---|---|---|
| 001 | ABS57845 | ||
| 008 | 090401t1997 xxu||||| |||| 00| 0 eng d | ||
| 035 | _a(Sirsi) u81457 | ||
| 041 | _aeng | ||
| 100 | _aSydenham, A. | ||
| 245 | _aField of dispute | ||
| 260 | _c1997 | ||
| 350 | _a0 | ||
| 490 |
_aEstates Gazette _v(9740) 4 October 1997, 138-141(4) |
||
| 520 | _aAn overview of significant cases which have recently resulted from the Agricultural Holdings Act 1986. Cases include, "Jones v Owen" (ABS57494), "Pahl v Trevor" (ABS46770), "Cork v Cork" (ABS56871), "National Trust for Places of Historic Interest or Natural Beauty v Knipe" and "Mannai Investment Co Ltd v Eagle Star Life Assurance Co Ltd" (ABS57166). | ||
| 650 | _aAGRICULTURAL HOLDINGS ACT 1986 | ||
| 650 | _aAGRICULTURAL LAW | ||
| 650 | _aCASE LAW | ||
| 650 | _aMINISTRY CONSENT TENANCIES | ||
| 650 | _aNOTICES TO QUIT | ||
| 650 | _aSUBTENANCIES | ||
| 690 | _aRURAL PRACTICE | ||
| 942 | _n0 | ||
| 948 | _c15/10/1997 | ||
| 999 |
_c51325 _d51325 |
||